zpět

Detail výsledku týmu

U Jelena, Liberec

Datum a čas kvízu

38.5 Celkem bodů Celkový počet nahraných bodů na tomto kvízu bez doplňovacích otázek.
1. Pořadí na kvízu Konečné umístění týmu na tomto kvízu.

Zaznamenané odpovědi

# Otázka Odpověď Body Výsledky
1. Na politickou scénu se vracejí... Taťána Malá; spravedlnost 1
2. K půlročnímu vězení odsoudil n... líbali se 0
3. Minulý týden proběhl pařížský... Heidi Klum 1
4. Francouzská státní společnost... croissant 0
5. V minulém týdnu jsme se v hoke... Pavel Gross, HC Sparta Praha 1
6. Rozdělení Římské říše v roce 3... 476 (Západořímská) a 1453 (Východořímská) 0.5
7. Ve 14. století Evropu sevřela... D 1
8. Adolf Hitler se nepoučil z výs... 6. armáda, (Friedrich) Paulus 1
9. Jak se jednoslovně nazývá tent... Watergate 1
10. Jak moc velkou chybou byl či n... A 1